Ethel Cain - Discography - Statistics

General Stats
  • This quiz has been taken 237 times
    128 since last reset
  • The average score is 41 of 55
Answer Stats
Hint Answer % Correct
5. Family Tree
96%
1. Family Tree (Intro)
96%
12. Sun Bleached Flies
96%
2. American Teenager
94%
8. Gibson Girl
94%
5. Inbred
93%
13. Strangers
93%
3. A House in Nebraska
91%
11. Televangelism
90%
3. Fuck Me Eyes
89%
1. Janie
89%
4. Western Nights
89%
6. Hard Times
88%
4. Nettles
88%
7. Thoroughfare
88%
10. Waco, Texas
88%
10. August Underground
87%
6. Dust Bowl
87%
9. Tempest
87%
2. Crush
85%
1. Perverts
85%
2. Willoughby's Theme
84%
8. Radio Towers
83%
9. Ptolemaea
82%
5. Willoughby's Interlude
82%
9. Amber Waves
80%
6. Golden Age
80%
1. (Feat. lil aaron) Michelle Pfeiffer
76%
2. Punish
76%
3. (Feat. Wicca Phase Springs Eternal) God's Country
74%
5. (Feat. YAH WAV) Knuckle Velvet
73%
3. Misuse Oh
73%
6. Two-Headed Mother
73%
7. A Knock At The Door
72%
4. Unpunishable
72%
5. Onanist
71%
4. Vacillator
71%
4. Head in the Wall
70%
3. (Feat. Mercy Necromancy) Lilies
70%
1. Sunday Morning
68%
7. Etienne
65%
4. Antlers
63%
3. Houseofpsychoticwomn
62%
8. Thatorchia
61%
6. Pulldrone
60%
2. Casings
59%
2. Dog Days
59%
(Collab w/ 1017 ALYX 9SM) Famous Last Words (An Ode to Eaters)
56%
(Single) For Sure
51%
(Single) Everytime
50%
1. Growing Pains
50%
(Collab w/ Ashnikko) Dying Star
48%
(Collab w/ Florence + The Machine) Morning Elvis
45%
(Vyva Melinkolya) 222
10%
(Collab w/ YAH WAV) one winged angel
10%
No matching quizzes found
Score Distribution
Percent of People with Each Score
Percentile by Number Answered
Your Score History
You have not taken this quiz since the last reset